000 02990cam a22004454i 4500
003 PE-LiUPU
005 20250731165405.0
008 151005s2014 pe a grm 000 0 spa d
035 _a(Sirsi) a154775
040 _aPE-LiUPU
_bspa
_cPE-LiUPU
_erda
099 _aTIA 2
_bB23 2014
100 1 _aBartolo Estrella, Dolly Elisa
_eautor
245 1 _aInfluencia de la temperatura de tostado sobre el contenido de compuestos fenólicos totales y la capacidad antioxidante de la Cañihua (Chenopodium pallidicante Aellen) variedad Cupi /
_cDolly Elisa Bartolo Estrella.
264 0 _c2014.
300 _a94 hojas :
_bilustraciones;
_c30 cm
336 _atext
_2rdacontent
337 _aunmediated
_2rdamedia
338 _avolume
_2rdacarrier
502 _aTesis
_b(Lic.) --
_cUniversidad Peruana Unión,
_d2014.
504 _aIncluye referencias
520 3 _aEl objetivo de esta investigación fue determinar la influencia de la temperatura de tostado de los granos de cañihua (chenopodium pallidicaule Aellen) variedad Cupi sobre el contenido de fenoles totales y su actividad antioxidante. Se utilizó un diseño Box Behnken, las variabls independientes en el estudio fueron la temperatura de tostado (120,160 y 200°C), el acondicionamiento de la cañihua (cáscara, grano entero, grano sin cáscara) y el tipo de molienda (fina, intermedia, sin molienda). Se almacenaron muestras testigo sin tratamiento para la evaluación de estos efectos. Los resultados de análisis de variancia mostraron que la temperatura de tostado y la molienda del cereal influyen significativamente en el contenido de fenoles totales (p<0.05). Las propiedades fisicoquímicas de la Cañihua variedad Cupi mostraron alto valor nutricional, teniendo un alto porcentaje de proteínas (15.2%), lípidos (6.1%) y cenizas (3,8%). No se presentó un aumento en la actividad antioxidante frente a las temperaturas altas de tostado, sin embargo, la molienda de los granos fue favorale para la actividad antioxidante de la cañihua, presentándose valores (anres del proceso de tostado) 34.16, 21.66, 3.16 mg/ml de EE para las moliendas finas de granos sin cáscara, granos enteros y cáscara; respectivamente. Se concluye que el efecto de la temperatura de tostado en el contenido de compuestos fenólicos totales favorece el desarrollo de la reacción de Maillard y las melanoidinas resultantes, incrementando así la formación de los compuestos fenólicos.
526 _aSEG44
526 _aSEG26
526 _aP151
526 _aP150
526 _aP149
526 _aP146
526 _aP145
526 _aP126
526 _aP125
526 _aP92
526 _aP75
526 _aP74
526 _aP27
526 _aP15
650 0 4 _aCañihua
_xCompuestos fenólicos
_xTostado
596 _a1
942 _2ddc
_cTESIS
999 _aTIA 2 B23 2014
_wALPHANUM
_c7474
_iT01755
_lCCODEBUL3
_mBUL
_r1
_sY
_tTESIS
_u2015-10-5
_xINGENIERIA
_PP26
_o.STAFF. Tesis
_d7474
980 _81
_gALBERTO SANCHEZ Responsable de Automatización